000 00301nam a22001337a 4500
008 170719b xxu||||| |||| 00| 0 eng d
020 _a061396257
041 _aeng
080 _a2
100 _a24
101 _aTEO
245 _aRELIGION IN ESSENCE AND MANIFESTATION
_cLEEUW, G.V
942 _2udc
_cBK
999 _c21612
_d21612